28 - 兵庫県の自治体(Text) - Statistics

General Stats
  • This quiz has been taken 12 times
    11 since last reset
  • The average score is 35 of 41
Answers on the Map
Answers color-coded by a green-red scale on the quiz's map according to % correct below.
 
Answer Stats
市町村 % Correct
相生あいおい
100%
明石あかし
100%
赤穂あこう
100%
朝来あさご
100%
尼崎あまがさき
100%
川西かわにし
100%
神戸こうべ
100%
丹波たんば
100%
西宮にしのみや
100%
姫路ひめじ
100%
芦屋あしや
90%
淡路あわじ
90%
伊丹いたみ
90%
川辺かわべぐん 猪名川いながわちょう
90%
加古川かこがわ
90%
加西かさい
90%
加東かとう
90%
赤穂あこうぐん 上郡かみごおりちょう
90%
美方みかたぐん 新温泉しんおんせんちょう
90%
高砂たかさご
90%
丹波篠山たんばささやま
90%
西脇にしわき
90%
加古かこぐん 播磨はりまちょう
90%
神崎かんざきぐん 福崎ふくさきちょう
90%
三木みき
90%
みなみあわじ
90%
小野おの
80%
神崎かんざきぐん 神河かみかわちょう
80%
宍粟しそう
80%
洲本すもと
80%
宝塚たからづか
80%
神崎かんざきぐん 市川いちかわちょう
70%
美方みかたぐん 香美かみちょう
70%
佐用さようぐん 佐用さようちょう
70%
三田さんだ
70%
揖保いぼぐん 太子たいしちょう
70%
多可たかぐん 多可たかちょう
70%
豊岡とよおか
70%
養父やぶ
70%
たつの
70%
加古かこぐん 稲美いなみちょう
50%
No matching quizzes found
Score Distribution
Percent of People with Each Score
Percentile by Number Answered
Your Score History
You have not taken this quiz since the last reset